7 Plaza comunitaria and staff. Basic training set : education for youth and adult.

Gespeichert in:
Bibliographische Detailangaben
Körperschaft: Instituto Nacional para la Educación de los Adultos (INEA). Dirección de Asuntos Internacionales
Format: Buch
Sprache:Englisch
Schlagworte:
Tags: Tag hinzufügen
Keine Tags, Fügen Sie das erste Tag hinzu!

MARC

LEADER 00000nam^a2200000^u^4500
001 000519490
005 20250521000000.0
008 070316s1000^^^^^^^^^^^^r^^^^^000^0^spa^d
009 20260310130440.616
035 |a FCE 000063724 
037 |a Acervo ITESO - Biblioteca 
041 |a eng 
082 0 4 |a 374.013  |b INEA DAI 7 ENG 
110 |a Instituto Nacional para la Educación de los Adultos (INEA). Dirección de Asuntos Internacionales 
245 1 2 |a 7 Plaza comunitaria and staff. Basic training set :  |b education for youth and adult. 
264 |a México :  |b INEA : CONEVyT : SEP,  |c 2008. 
300 |a 33 p. :  |b il. 
336 |a texto  |b txt  |2 rdacontenido 
337 |a sin mediación  |b n  |2 rdamedio 
338 |a volumen  |b nc  |2 rdasoporte 
596 |a En portada Gente INEA para un mundo mejor. 
649 |a XX 
650 |a Educación de adultos 
650 |a Centros comunitarios 
650 |a Trabajo en Equipo 
650 |a Recursos educativos 
650 |a Libro de texto 
650 |a Plaza comunitaria 
910 |a Fondo Centro de Estudios Educativos 
920 |a Impresos - Libros 
930 |a Fondos Especiales 
905 |a 133 
901 |a ALE071219  |b IT2  |c CEE  |u 20250521 
902 |a https://opac.biblio.iteso.mx/vufind/Record/000519490